| 000 | 00550nam a2200217Ia 4500 | ||
|---|---|---|---|
| 003 | OSt | ||
| 005 | 20220323092753.0 | ||
| 008 | 210210b1994 xxu||||| |||| 00| 0 eng d | ||
| 020 | _a0 7069 8024 7 | ||
| 040 |
_aAL _c |
||
| 041 | _aEnglish | ||
| 082 | _a954.01 SAHA | ||
| 100 |
_aSAHA (B P) and BEHERA (K S) _925138 |
||
| 245 | _aAncient history of India. | ||
| 250 | _a2 (revised) | ||
| 260 |
_aNew Delhi _bVikas Publishing House Pvt.Ltd. _c1994 |
||
| 300 | _aix,486 | ||
| 690 |
_aIndian History _925139 |
||
| 906 | _a048283 | ||
| 942 |
_2ddc _cBK |
||
| 999 |
_c97500 _d97500 |
||